The Great Feminist In 21st Century/ (Record no. 214686)

MARC details
000 -LEADER
fixed length control field 00597nam a22001937a 4500
005 - DATE AND TIME OF LATEST TRANSACTION
control field 20260204122728.0
010 ## - LCCN (DPL NO)
LC control number ENG-147745
020 ## - INTERNATIONAL STANDARD BOOK NUMBER
International Standard Book Number 9789360793289
Terms of availability 995.00
035 ## - SYSTEM CONTROL NUMBER
System control number EN-131277
037 ## - SOURCE OF ACQUISITION
Source of stock number/acquisition DBAD
082 ## - DEWEY DECIMAL CLASSIFICATION NUMBER
Classification number 921
Edition number 1
100 ## - MAIN ENTRY--PERSONAL NAME
Personal name Sinha, R.N.
245 ## - TITLE STATEMENT
Title The Great Feminist In 21st Century/
Statement of responsibility, etc by R.N.Sinha
260 ## - PUBLICATION, DISTRIBUTION, ETC. (IMPRINT)
Place of publication, distribution, etc Naveen Shahdara
Name of publisher, distributor, etc Keshav Books
Date of publication, distribution, etc 2024
270 ## - ADDRESS
Address F-7, Gali No.1, 3rd Floor, Panchsheel Garden
City Delhi
Postal code 110032
Telephone number 09871603557
Electronic mail address keshavbooks30@gmail.com
300 ## - PHYSICAL DESCRIPTION
Extent xi,247(p)
Dimensions 22cm(HB)
760 ## - MAIN SERIES ENTRY
Edition 1
942 ## - ADDED ENTRY ELEMENTS (KOHA)
Source of classification or shelving scheme Dewey Decimal Classification
Item type English Books
Classification part 921
Call number suffix SIN
Holdings
Withdrawn status Lost status Not for loan Collection code Home library Current library Date acquired Source of acquisition Cost, normal purchase price Full call number Barcode Copy number Cost, replacement price Koha item type
    Not For Loan Non-fiction D.B.Act.Division D.B.Act.Division 04/02/2026 DBAD 995.00 921 SIN EN-131277 1 995.00 English Books

© Delhi Public Library
Hit Counter
free hit counter